Doğu sorununun kökenleri : (Record no. 41165)
| 000 -BAŞLIK | |
|---|---|
| Sabit Uzunluktaki Kontrol Alanı | 02312nam a22004217a 4500 |
| 001 - KONTROL NUMARASI | |
| Control Dosyası | 0041309 |
| 003 - KONTROL NUMARASI KİMLİĞİ | |
| Kontrol Alanı | KOHA_MİRAKIL |
| 005 - EN SON İŞLEM TARİHİ ve ZAMANI | |
| Kontrol Alanı | 20260207003231.0 |
| 007 - FİZİKSEL TANIM SABİT ALAN - GENEL BİLGİ | |
| Sabit uzunluklu kontrol alanı | ta |
| 008 - SABİT UZUNLUKTAKİ VERİ ÖGELERİ - GENEL BİLGİ | |
| Sabit Alan | 130730b2002 tu |||gr||||#||||0|tur | |
| 020 ## - ISBN - ULUSLARARASI STANDART KİTAP NUMARASI | |
| Isbn | 9754373973 |
| 040 ## - KATALOGLAMA KAYNAĞI | |
| Özgün Kataloglama Kurumu | TR-BiSEU |
| Kataloglama Dili | tur |
| Çeviri Kurumu | TR-BiSEU |
| Açıklama Kuralları | rda |
| 041 0# - DİL KODU | |
| Metin ya da ses kaydının dil kodu | tur |
| 044 ## - YAYINLAYAN/ÜRETEN KURULUŞUN ÜLKE KODU | |
| ISO country code | tu |
| 050 ## - SINIFLAMA ve YER NUMARASI | |
| Sınıflama Numarası | HC493 |
| Yer Numarası | .M88 2002 |
| 100 1# - KİŞİ ADI | |
| Yazar Adı (Kişi adı) | Mutlu, Servet. |
| 245 1# - ESER ADI BİLDİRİMİ | |
| Başlık | Doğu sorununun kökenleri : |
| Alt Eseradı vb. | ekonomik açıdan/ |
| Sorumluluk Bildirimi | Servet Mutlu ; Servet Mutlu. |
| 264 #1 - ÜRERİM, YAYIN, DAĞITIM ve TELİF BİLDİRİMİ | |
| Yayın yeri | İstanbul : |
| Yayınlayan | Ötüken Neşriyat |
| Yayın tarihi | 2002 |
| 300 ## - FİZİKSEL TANIMLAMA | |
| Sayfa, Cilt vb. | 534 sayfa ; |
| Boyutları | 21 cm. |
| 336 ## - İÇERİK TÜRÜ | |
| Content type term | metin |
| Content type code | txt |
| Source | rdacontent |
| 337 ## - MEDYA TÜRÜ | |
| Media type term | aracısız |
| Media type code | n |
| Source | rdamedia |
| 338 ## - TAŞIYICI TÜRÜ | |
| Carrier type term | cilt |
| Carrier type code | nc |
| Source | rdacarrier |
| 490 1# - DİZİ BİLDİRİMİ | |
| Dizi Bildirimi | Ötüken Neşriyat ; |
| Cilt Numarası | yayın nu: 521. |
| 490 1# - DİZİ BİLDİRİMİ | |
| Dizi Bildirimi | Kültür serisi ; |
| Cilt Numarası | 226. |
| 500 ## - GENEL NOT | |
| Genel Not | Kaynakça var. |
| 505 ## - İÇİNDEKİLER NOTU | |
| İçindekiler Notu | "Doğu Sorunu hem siyasal hem de ekonomiktir ve bir ölçüde bunlar birbirini beslemektedir. Bölge'de siyasal talep içerikli hareketler ekonomik sorunları ağırlaştırmakta, ağırlaşan ekonomik sorunlar kimi zaman siyasal taleplere bir meşruiyet zemini olarak takdim edilmektedir. Doğunun Ekonomik sorunlarının kökeninde çeşitli yapılar yatmaktadır. Değişmesi mümkün olmayan iklim, arazi yapısı ve pazarın siklet merkezine, önemli dış pazarlara, ithal ve ihraç kapılarına görece konum gibi yapılar; ya da değişmesi ancak uzun döneme bağlı aşiret yapısı, demografik davranış yapısı, toprak dağılımı ve hukukî yapı gibi yapılar. İkinci tip yapılardan kaynaklanan sorunlar zamanla çözülse bile, birinci tip yapılar var oldukça Türkiye; Doğu'nun gelişmesi konusunda, acaba, iyimser olabilir mi?" |
| 650 #0 - KONU BAŞLIĞI EK GİRİŞ - KONU TERİMİ | |
| Konusal terim veya coğrafi ad | Turkey, Southeastern--Social policy. |
| 9 (RLIN) | 23418 |
| 650 #0 - KONU BAŞLIĞI EK GİRİŞ - KONU TERİMİ | |
| Konusal terim veya coğrafi ad | Turkey, Southeastern--Social conditions. |
| 9 (RLIN) | 23419 |
| 650 #0 - KONU BAŞLIĞI EK GİRİŞ - KONU TERİMİ | |
| Konusal terim veya coğrafi ad | Turkey, Southeastern--Economic policy. |
| 9 (RLIN) | 23420 |
| 650 #0 - KONU BAŞLIĞI EK GİRİŞ - KONU TERİMİ | |
| Konusal terim veya coğrafi ad | Turkey, Southeastern--Economic conditions. |
| 9 (RLIN) | 23421 |
| 650 #0 - KONU BAŞLIĞI EK GİRİŞ - KONU TERİMİ | |
| Konusal terim veya coğrafi ad | Türkiye, Güneydoğu--Sosyal politika. |
| 9 (RLIN) | 23422 |
| 650 #0 - KONU BAŞLIĞI EK GİRİŞ - KONU TERİMİ | |
| Konusal terim veya coğrafi ad | Türkiye, Güneydoğu--Sosyal durum. |
| 9 (RLIN) | 23423 |
| 650 #0 - KONU BAŞLIĞI EK GİRİŞ - KONU TERİMİ | |
| Konusal terim veya coğrafi ad | Türkiye, Güneydoğu--Ekonomik politika. |
| 9 (RLIN) | 23424 |
| 650 #0 - KONU BAŞLIĞI EK GİRİŞ - KONU TERİMİ | |
| Konusal terim veya coğrafi ad | Türkiye, Güneydoğu--Ekonomik durum. |
| 9 (RLIN) | 23425 |
| 830 1# - SERİ EK GİRİŞİ - TEKBİÇİM ESER ADI | |
| Tekbiçim Başlık | Ötüken Neşriyat ; |
| Volume number/sequential designation | yayın nu: 521. |
| 9 (RLIN) | 11308 |
| 830 1# - SERİ EK GİRİŞİ - TEKBİÇİM ESER ADI | |
| Tekbiçim Başlık | Kültür serisi ; |
| Volume number/sequential designation | 226. |
| 9 (RLIN) | 5523 |
| 942 ## - EK GİRİŞ ÖGELERİ (KOHA) | |
| Source of classification or shelving scheme | Library of Congress Classification |
| Koha item type | Book |
| 505 ## - İÇİNDEKİLER NOTU | |
| -- | |
| Materyal Türü | Kalıcı Konum | Mevcut Konum | Raf Yeri | Sınıflandırma Kaynağı | Edinim Bilgisi | Ana Konular | Alt Konular | Yer Numarası | Demirbaş Numarası | Fatura Tarihi | Maliyet, Alış Fiyatı | Maliyet, Yenileme Fiyatı | Geri Çekilme Durumu | Kayıp Durumu | Hasarlı Durumu | Kredi için değil | Kayıt Tarih | Toplam Ödünçverme | Son Görülme Tarihi | Son Kontrol Tarihi | Satın Alma Notu |
|---|---|---|---|---|---|---|---|---|---|---|---|---|---|---|---|---|---|---|---|---|---|
| Book | Prof. Dr. Azmi Özcan Kütüphanesi | Prof. Dr. Azmi Özcan Kütüphanesi | Uluğbey Salonu | Library of Congress Classification | Satın | SOSYAL BİLİMLER | Ekonomi Tarihi ve Koşulları | HC493 .M88 2002 | 0041309 | 24/09/2013 | 16.45 | 16.45 | 30/07/2013 | 1 | 05/12/2024 | 05/12/2024 | 73291-73383 (92 sayfa) |
